000 00621nam a2200193 i 4500
001 114474
003 ES-MaACL
005 20230906190151.0
007 t|
008 070302q19501959it ||||1| spa d
080 _a914.50(036)
100 1 _aDe Gasperis, Roberto.
_943052
245 1 0 _aVacaciones en Italia
_b: guía breve /
_cproyectada y realizada por Roberto De Gasperis ; traducción de Diego de Mesa.
260 _aRoma :
_bLuigi Salamone,
_c[195-?]
300 _a46 p. :
_bil. ;
_c23 cm.
651 4 _aItalia-
_vGuías turísticas.
_98865
700 1 _aMesa, Diego de.
_980629
852 _aES-MaACL
_j1994-F-11
999 _c114474
_d114474